00515nam a2200157 a 450000100100000000500170001000800410002702000180006804000250008608200150011110000310012624500910015726000400024830000270028850000420031500004680720201002053131.0180328s2015 dr a 000 0 spa d a9789945481617 aDO-SdBNPbspacBNPHU axxxxbxxxx1 aReyes Aquino, Víctor Ml.10aProcedimiento parlamentario orientado a las cooperativas /cVíctor Ml. Reyes Aquino. aSanto Domingo :bCentenario,c2015. a40 p. :bil. ;c22 cm. aIncluye datos biográficos del autor